[Event "FRA-ch U20"]
[Site "Agen"]
[Date "2022.04.17"]
[Round "1"]
[White "Boyer, Mahel"]
[Black "Sitouze, Aurelien"]
[Result "1-0"]
[WhiteElo "2438"]
[BlackElo "1897"]
[PlyCount "71"]
[EventDate "2022.04.16"]
[EventType "swiss"]
[EventRounds "9"]
[EventCountry "FRA"]
[SourceTitle "EXT 2023"]
[Source "ChessBase"]
[SourceDate "2022.10.05"]
[SourceVersion "1"]
[SourceVersionDate "2022.10.05"]
[SourceQuality "1"]

1. Nf3 d5 2. e3 Nf6 3. c4 e6 4. b3 Be7 5. Bb2 Nbd7 6. Be2 b6 7. cxd5 exd5 8. 0-0 Bb7 9. Nc3 0-0 10. Rc1 Ne4 11. Qc2 c5 12. Rfd1 Bf6 13. d4 Qe7 14. dxc5 Nxc3 15. Bxc3 Nxc5 16. Bxf6 Qxf6 17. Nd4 Rfe8 18. Qf5 Qxf5 19. Nxf5 Red8 20. Nd4 a5 21. a3 Rac8 22. Bg4 Rc7 23. b4 axb4 24. axb4 Na6 25. Rxc7 Nxc7 26. b5 Ne8 27. h3 g6 28. Rc1 f5 29. Bf3 Kf7 30. g4 fxg4 31. hxg4 Kf6 32. Kg2 Rd7 33. Kg3 g5 34. Rh1 Nd6 35. Rh6+ Kg7 36. Rxd6 1-0

[Event "FRA-ch U18"]
[Site "Agen"]
[Date "2021.10.24"]
[Round "1"]
[White "Boyer, Mahel"]
[Black "Sitouze, Aurelien"]
[Result "1-0"]
[WhiteElo "2398"]
[BlackElo "1846"]
[PlyCount "75"]
[EventDate "2021.10.22"]
[EventType "swiss"]
[EventRounds "9"]
[EventCountry "FRA"]
[SourceTitle "EXT 2023"]
[Source "ChessBase"]
[SourceDate "2022.10.05"]
[SourceVersion "1"]
[SourceVersionDate "2022.10.05"]
[SourceQuality "1"]

1. d4 d5 2. c4 c6 3. Nf3 Nf6 4. Nc3 e6 5. g3 Bd6 6. Bg2 Nbd7 7. 0-0 0-0 8. Nd2 Bc7 9. e4 dxc4 10. e5 Nd5 11. Nxc4 b5 12. Ne3 N7b6 13. Ne4 Qe7 14. Bd2 Bd7 15. Rc1 Rac8 16. h4 Bb8 17. Re1 f5 18. exf6 Nxf6 19. Nc5 Nbd5 20. Bh3 e5 21. Nxd7 Nxd7 22. Nxd5 cxd5 23. Rxc8 Rxc8 24. dxe5 Rf8 25. f4 Nb6 26. Qb3 Qc5+ 27. Be3 Qc6 28. Qd3 a6 29. Rc1 Qb7 30. b3 Rd8 31. Bd4 Nc8 32. Be6+ Kh8 33. Kh2 Ne7 34. Qc3 h6 35. Qc5 Ng6 36. Qb6 Qe7 37. Bc5 Qe8 38. Bf7 1-0